| 000 | 00723nam a22001217a 4500 | ||
|---|---|---|---|
| 008 | 110620t xxu||||| |||| 00| 0 eng d | ||
| 010 | _aCACAF59 | ||
| 245 | _aThe Court of Appeal Civil Appeal No. 10 of 2001 and No. 118 of 2003. Maria Nalika Mpagi and three others Vs Ernest S. Sensalire and four others | ||
| 260 | _c2001 and 2003 | ||
| 500 | _aCoram: Hon. Mr. Justice S.G.Engwau S.G. Engwau, JA. Hon. Mr. Justice A. Twinomojuni, JA. Hon. Lady Justice C.N.B. Kitumba, JA. | ||
| 500 | _aAppeal from the Judgment of the High Court ( Tinyinondi, J) dated 15/01/1999 in HCCS No.432 of 1998. | ||
| 999 |
_c3321 _d3321 |
||